| 000 | 00437nam a2200169Ia 4500 | ||
|---|---|---|---|
| 008 | 140316s9999 xx 000 0 und d | ||
| 020 | _a9789381771037 | ||
| 082 |
_a658 _bAGA/PR |
||
| 100 | _aAggarwal ,P.K. | ||
| 245 | _aPrinciples and practice of management | ||
| 260 |
_aNew Delhi _bSavera Publishing House _c2012 |
||
| 300 | _a562 | ||
| 650 | _aManagement | ||
| 700 | _aManish ,Kumar | ||
| 700 | _aNidhi,Singh | ||
| 942 |
_2ddc _cBK |
||
| 999 |
_c12897 _d12897 |
||